000 00527nam a22001697a 4500
005 20250513164453.0
008 250513b |||||||| |||| 00| 0 eng d
040 _cDO
245 _aHow old is it? solving the riddle of ages
250 _aSeptember 2001 Vol. 200 No. 3
490 _aNational Geographic
520 _aWildlife Without Borders, Egypt's Hidden Tombs, Changing America, Walruses, How Old Is It?, The Garifuna, Dayton, TN
650 _xEGYPT'S TOMB
650 _xWALRUS
650 _xHOW OLD
942 _2ddc
_cCR
999 _c5515
_d5515